| 000 | 00456nam a22001817a 4500 | ||
|---|---|---|---|
| 005 | 20180816103204.0 | ||
| 008 | 160523b xxu||||| |||| 00| 0 eng d | ||
| 020 | _a9812-53-069-X | ||
| 041 | _aeng | ||
| 082 |
_b4084 _a658.4012 |
||
| 100 |
_aBensanko,David and others _94820 |
||
| 245 | _aEconomics of Strategy | ||
| 250 | _a3rd ed. | ||
| 260 |
_aNew Delhi _bjohn willey and sons _ckundli |
||
| 300 | _a607p, | ||
| 650 |
_aManagement _9241 |
||
| 942 | _cBK | ||
| 999 |
_c1374 _d1374 |
||